| 000 | 01688cam a2200409 a 4500 | ||
|---|---|---|---|
| 001 | 16748791 | ||
| 003 | OSt | ||
| 005 | 20140310182746.0 | ||
| 008 | 110425s2011 enkab d 000 0 eng d | ||
| 010 | _a 2011281306 | ||
| 020 | _a9780194399722 (pbk. and CDROM) | ||
| 020 | _a0194399729 (pbk. and CDROM) | ||
| 035 | _a(OCoLC)ocn666242530 | ||
| 040 |
_aBTCTA _beng _cBTCTA _dYDXCP _dPIT _dDLC |
||
| 042 | _alccopycat | ||
| 050 | 0 | 0 |
_aPE2835 _b.O915 2011 |
| 082 | 0 | 0 |
_a423 _223 |
| 245 | 0 | 0 |
_aOxford American dictionary for learners of English / _c[senior editors: Jennifer Bradbery, Victoria Bull, Diana Lea]. |
| 246 | 3 | 0 | _aAmerican dictionary for learners of English. |
| 260 |
_aOxford ; _aNew York : _bOxford University Press, _cc2011. |
||
| 300 |
_axvi, 852, 26, 16 p. : _bcol. ill., col. maps ; _c22 cm. + _e1 CD-ROM (4 3/4 in.). |
||
| 500 | _a"Oxford iWriter"--Cover. | ||
| 521 | _aCollege Students | ||
| 526 | _c1210L to 1700L | ||
| 538 | _aSystem requirements: Windows XP, Windows Vista, Windows 7, 350 MHz, 256 MB RAM; Macintosh OS 10.4, 500 MHz, 256 MB RAM; minimum installation of the software requires 200 MB available on hard disk. | ||
| 541 | _j1 | ||
| 562 | _eFor circulation. 1 copy available in the collection | ||
| 650 | 0 |
_aEnglish language _zUnited States _vDictionaries. |
|
| 650 | 0 |
_aAmericanisms _vDictionaries. |
|
| 700 | 1 | _aBradbery, Jennifer. | |
| 700 | 1 | _aBull, Victoria. | |
| 700 | 1 | _aLea, Diana. | |
| 710 | 2 | _aOxford University Press. | |
| 906 |
_a7 _bcbc _ccopycat _d2 _encip _f20 _gy-gencatlg |
||
| 942 |
_2lcc _cBK _kM |
||
| 999 |
_c15670 _d15670 |
||